000 00500nam a2200181Ia 4500
008 090123s9999 xx 000 0 und d
082 _b8220
_a891.463/नंदा
100 _aनंदा गुलशन
245 _aदेव छाया
250 _a0
260 _bमनोरंजन
300 _a161
600 _aनंदा गुलशन
630 _aदेव छाया
700 _aनंदा गुलशन
730 _aदेव छाया
942 _cBOOK
999 _c46286
_d46286